Statistics for 10 largest islands of the UK(excluding Great Britain and Ireland mainland)

Click here to take the quiz!

General Stats

  • This quiz has been taken 99 times
  • The average score is 5 of 10

Answer Stats

Area sq milesAnswer% Correct
220Isle of Man
70%
373Shetland
68%
643Skye
64%
147Isle of Wight
60%
206Orkney
58%
275Anglesey
44%
168Arran
44%
347Mull
39%
246Islay
25%
859Lewis and Harris
24%

Score Distribution

Percentile by Number Answered

Percent of People with Each Score

Your Score History

You have not taken this quiz